000 00443nam a22001817a 4500
003 CEME
005 20210628203230.0
008 210203b xxu||||| |||| 00| 0 eng d
020 _a8121924626
040 _c.
082 _a658.5 TEL
100 _aTelsang, Martand T
_964146
245 _aProduction management
260 _aNEW DELHI
_bS.CHAND
_c2005
300 _aXVI, 528P
650 _aPRODUCTION MANAGEMENT.
_91879
942 _cBK
_2ddc
999 _c572749
_d572749